| 000 | 00929na a2200277 4500 | ||
|---|---|---|---|
| 001 | 13646 | ||
| 003 | MIRAKIL | ||
| 005 | 20181213154912.0 | ||
| 008 | 160827b tu 000 0 | ||
| 020 | _a9754067686 | ||
| 035 | _a13646 | ||
| 040 |
_aMilas _btur _cTR-AnCHP |
||
| 082 |
_aATA 923.156 _bO92c 2003 |
||
| 090 | _aATA 923.156 O92c 2003 | ||
| 100 | _aOzankaya, Özer | ||
| 245 |
_aCumhuriyet çınarı _bMustafa Kemal'i "Atatürk" yapan uygarlık tasarımı _cÖzer Ozankaya |
||
| 246 | _aMustafa Kemal'i "Atatürk" yapan uygarlık tasarımı | ||
| 260 |
_aİstanbul _bCem yayınevi _c2003 |
||
| 300 |
_a462 s. _bres. _c20 sm. |
||
| 504 | _aKaynakça var. | ||
| 600 |
_aAtatürk, Mustafa Kemal _d1881-1938 _xBilim |
||
| 600 |
_aAtatürk, Mustafa Kemal _d1881-1938 _xKadın |
||
| 600 |
_aAtatürk, Mustafa Kemal _d1881-1938 _xÖzgürlük |
||
| 600 |
_aAtatürk, Mustafa Kemal _d1881-1938 _xUygarlık |
||
| 942 |
_2dcc _cBKS |
||
| 999 |
_c2879 _d2879 |
||